Normal view
MARC view
- Carratalá Teruel, Fernando
Entry Nombre Personal
001 - NUMERO DE CONTROL
- campo de control: 39969
003 - IDENTIFICADOR DE NUMERO DE CONTROL
- campo de control: UPN
005 - FECHA Y HORA DE LA ÜLTIMA TRANSACCIÓN
- campo de control: 20210219194551.0
008 - DATOS DE LONGITUD FIJA
- campo de control de longitud fija: nabaccnnaabn|||||||||| b |nc|||||d
035 ## - NUMERO DE CONTROL
- Número de control: UPN11000012076
040 ## - FUENTE DE CATALOGACIÓN
- Lenguaje de catalogación: SPA
- Agencia de transcripción: UPN
100 1# - ENCABEZAMIENTO - NOMBRE PERSONAL
- Nombre personal: Carratalá Teruel, Fernando
670 ## - FUENTE EN LA QUE SE LOCALIZARON DATOS
- Cita de la fuente: T
- Información localizada: La comunicación lingüística como competencia trnasversal
680 ## - NOTA PUBLICA DE ACCESO PÚBLICO
- Frase explicativa de la referencia: Licenciado en Filosofía y Letras, sección Filosofía por la Universidad Literaria de Valencia, Doctor en Filología Hispánica por la Universidad de Murcia y Académico
902 ## - CATALOGADOR
- Catalogador: BDV/16032017
